000 00718nam a2200205Ia 4500
003 GCL
005 20240530104556.0
008 140319s9999 xx 000 0 ara d
040 _aGCL /
_cGCL
082 0 4 _a347.05
_bع د
100 1 _aعبدالحميد الشواربى
245 1 0 _aدستورية القوانين فى ضوء احكام المحكمة الدستورية العليا /
_cعبدالحميد الشواربى
260 _a[S.N] :
_bمكتبه النهضه المصريه ،
_c1986
300 _a430 ص
490 _aالكتب القانونية
_v0
650 0 4 _aالقانون
650 0 4 _aقانون المرافعات
700 1 _aمحمد محمود المصرى
942 _2ddc
_cBK
999 _c48836
_d48836